Vizualizácia a spracovanie nameraných dát z modulu pre meranie spotreby elektrickej energie

Salvato in:
Dettagli Bibliografici
Autore principale: Polcer, Patrik (Autore)
Altri autori: Záluský, Roman (Relatore della tesi)
Natura: Manoscritto Libro
Lingua:slovacco
Pubblicazione: 2016
Soggetti:
Accesso online:http://is.stuba.sk/zp/portal_zp.pl?podrobnosti=130970
Tags: Aggiungi Tag
Nessun Tag, puoi essere il primo ad aggiungerne!!

MARC

LEADER 00000ntm a22000003a 4500
001 stuzp54194
003 SK-STU
005 20160803121418.5
007 ta
008 150427s2015----xo-----f-mn---000-0-slo-d
040 |a STU  |b slo 
041 0 |a slo 
044 |a xo 
100 1 |a Polcer, Patrik  |u 031000  |k Z4  |4 aut  |U FEI Fakulta elektrotechniky a informatiky  |T FEI Ústav robotiky a kybernetiky  |X 6027  |U E011  |Y 356  |7 A000006027 
242 0 1 |a Visualization and handling of measured data from a device of electricity consumption  |y eng 
245 1 0 |a Vizualizácia a spracovanie nameraných dát z modulu pre meranie spotreby elektrickej energie 
260 |c 2016 
300 |a 59 s.,  |b DVD 
650 4 |a napätie  |2 slo 
650 4 |a prúd  |2 slo 
650 4 |a Merací prístroj  |2 slo 
650 4 |a elektrická energia  |2 slo 
650 4 |a voltage  |2 eng 
650 4 |a measuring device  |2 eng 
650 4 |a current  |2 eng 
650 4 |a electricity  |2 eng 
700 1 |a Záluský, Roman  |u 033000  |k Z8  |4 ths  |U FEI Fakulta elektrotechniky a informatiky  |T FEI Ústav elektroniky a fotoniky  |X 10950  |U E030  |Y 549  |7 A000010950 
856 4 |u http://is.stuba.sk/zp/portal_zp.pl?podrobnosti=130970 
996 |b 284EP11404  |c E*DIPL- 11404  |l EE31  |s P  |a 0  |w stuzp54194_0001 
SQL |a stuzp54194  |b DDP  |c SLO  |d Vizualizácia a spracovanie nameraných dát z modulu pre meranie spotreby elektrickej energie  |e 6027  |f Polcer, Patrik  |g 031000  |h 10950  |i Záluský, Roman  |j 20160615  |k 1174  |l 03  |m http://is.stuba.sk/zp/portal_zp.pl?podrobnosti=130970  |n I-RK  |o 9.2.7. kybernetika